| 000 | 00590nam a22001577a 4500 | ||
|---|---|---|---|
| 999 |
_c126071 _d126071 |
||
| 005 | 20170301084004.0 | ||
| 008 | 170208b xxu||||| |||| 00| 0 eng d | ||
| 050 | _aHQ792.A46C536 | ||
| 100 |
_aHarland, David (ed.) _928686 |
||
| 245 |
_aChildren on the front line _bthe impact of apartheid, destabilization and warfare on children in Southern and South Africa _cedited by Harland, David |
||
| 260 |
_aNew York _bUNICEF _c1989 |
||
| 300 |
_a126p.; _c26cm. |
||
| 650 |
_aChildren _zAfrica, Southern _xSocial conditions _928687 |
||
| 650 |
_aChildren _zAfrica, Southern _928688 |
||
| 942 |
_2lcc _cMONOGRAPH |
||